Statistics for Most Consecutive #1 Studio Albums

Click here to take the quiz!

General Stats

  • This quiz has been taken 5 times
  • The average score is 4 of 8

Answer Stats

AlbumsArtists% Correct
8The Beatles
100%
7Eminem
75%
7Elton John
50%
8The Rolling Stones
50%
6Beyoncé
25%
7Kanye West
25%
6Metallica
25%
6Dave Matthews Band
0%

Score Distribution

Percentile by Number Answered

Percent of People with Each Score

Your Score History

You have not taken this quiz